| 000 | 00579nam a22001817a 4500 | ||
|---|---|---|---|
| 005 | 20250624114906.0 | ||
| 008 | 231206b ||||| |||| 00| 0 eng d | ||
| 020 | _a9788196317102 | ||
| 040 | _cAL | ||
| 041 | _aEnglish | ||
| 082 |
_223 _a001.4 _bSHEP |
||
| 100 |
_aChandra Shekhar Shetty T _9144500 |
||
| 245 | _a Proceedings of the National Conferences Collaborating across disciplines through interdisciplinary research | ||
| 260 |
_aMangaluru _bSt Aloysius College _c2023 |
||
| 300 |
_axxx,344p. _bPB _c29x20cm. |
||
| 650 |
_2General _aResearch _9144501 |
||
| 942 |
_2ddc _cBK |
||
| 999 |
_c229395 _d229395 |
||